| 000 | 00915nam a22002535i 4500 | ||
|---|---|---|---|
| 001 | 176836 | ||
| 003 | ES-MaACL | ||
| 005 | 20230906220208.0 | ||
| 008 | 110214s1957 sp af |||| | spa d | ||
| 080 | _a75 Pissarro, Camille | ||
| 100 | 1 |
_aRewald, John. _996477 |
|
| 245 | 1 | 0 |
_aCamilo Pissarro _b: (1830-1903) / _ctexto de John Rewald ; versión castellana de R. Santos Torroella. |
| 260 |
_aBarcelona : _bTimun Mas, _ccop. 1957. |
||
| 300 |
_a[1] h. , [72] p. : _bil. , lám. col. y n. , algunas pleg. ; _c18 cm. |
||
| 490 | 1 | _aEl libro de arte de bolsillo | |
| 500 | _aEncuadernado con otros títulos. | ||
| 504 | _aBibliografía: p. [72] | ||
| 597 | _aEn el lomo: Tomos VII-XI. | ||
| 600 | 0 | 4 |
_aPissarro, Camille. _9145175 |
| 700 | 0 |
_aSantos Torroella, Rafael. _9103536 |
|
| 830 | 0 |
_aEl libro de arte de bolsillo _9183601 |
|
| 852 |
_aES-MaACL _jE-14306 (8) _xOlim P-144 |
||
| 999 |
_c176836 _d176836 |
||